Грамматика французского языка. Вып. 1: Глагол (Запись № 11608898)
[ простой вид ]
| 000 -МАРКЕР | |
|---|---|
| контрольное поле | 02076nam2a2200325 4500 |
| 001 - ИДЕНТИФИКАТОР ЗАПИСИ | |
| контрольное поле | RU\NLR\BIBL_A\012042292 |
| 005 - ИДЕНТИФИКАТОР ВЕРСИИ | |
| контрольное поле | 20250626173740.0 |
| 010 ## - МЕЖДУНАРОДНЫЙ СТАНДАРТНЫЙ НОМЕР КНИГИ (ISBN) | |
| Тираж | 1000 |
| Цена | Беспл. |
| 021 ## - НОМЕР ГОСУДАРСТВЕННОЙ РЕГИСТРАЦИИ | |
| Код страны | Российская Федерация |
| Номер | 58-64618 |
| 035 ## - ДРУГИЕ СИСТЕМНЫЕ НОМЕРА | |
| Идентификатор записи | (NLR Aleph) 012042292 |
| 100 ## - ДАННЫЕ ОБЩЕЙ ОБРАБОТКИ | |
| Данные общей обработки | 20190624d1958 |||y0rusy50 ca |
| 101 0# - ЯЗЫК РЕСУРСА | |
| Язык текста, звукозаписи и т.д. | русский |
| -- | французский |
| 102 ## - СТРАНА ПУБЛИКАЦИИ ИЛИ ПРОИЗВОДСТВА | |
| Страна публикации | Российская Федерация |
| 105 ## - ПОЛЕ КОДИРОВАННЫХ ДАННЫХ: ТЕКСТОВЫЕ МАТЕРИАЛЫ, МОНОГРАФИЧЕСКИЕ | |
| Кодированные данные о монографическом текстовом документе | y j 000zy |
| 200 1# - ЗАГЛАВИЕ И СВЕДЕНИЯ ОБ ОТВЕТСТВЕННОСТИ | |
| Основное заглавие | Глагол |
| Первые сведения об ответственности | О.С. Заботкина, П.И. Заславская, Е.В. Успенская |
| 210 ## - ПУБЛИКАЦИЯ, РАСПРОСТРАНЕНИЕ И ДР. | |
| Дата издания, распространения и т.д. | 1958 |
| Место издания, распространения и т.д. | Б. м. |
| 215 ## - ФИЗИЧЕСКАЯ ХАРАКТЕРИСТИКА | |
| Специфическое обозначение материала и объем | 43 с. |
| Размеры | 20 |
| 461 #0 - УРОВЕНЬ НАБОРА | |
| Встроенное поле | 001RU\NLR\BIBL_A\012042294 |
| -- | 2001#$aГрамматика французского языка$fЛенинградский ордена Ленина государственный университет им. А.А. Жданова, Отд. заочного обучения, Кафедра французского языка$vВып. 1 |
| Системный номер (АБИС) связанной записи | 11608906 |
| Место публикации | Ленинград |
| Дата публикации | 1958-1961 |
| Первые сведения об ответственности | Ленинградский ордена Ленина государственный университет им. А.А. Жданова, Отд. заочного обучения, Кафедра французского языка |
| Имя издателя, распространителя и т.д. | Издательство Ленинградского университета |
| Физическая характеристика | 6 т. |
| Заглавие | Грамматика французского языка |
| Номер тома | Вып. 1 |
| 606 1# - НАИМЕНОВАНИЕ ТЕМЫ КАК ПРЕДМЕТ | |
| Наименование темы | Французский язык |
| Формальный подзаголовок | Учебные издания для заочного обучения |
| Тематический подзаголовок | Глагол |
| Системный номер авторитетной/нормативной записи | 1877735 |
| Идентификатор авторитетной/нормативной записи | RU\NLR\AUTH\661143635 |
| 686 1# - ИНДЕКСЫ ДРУГИХ КЛАССИФИКАЦИЙ | |
| Индекс | Ш147.11-93рус3-212.6 |
| 700 #1 - ИМЯ ЛИЦА - ПЕРВИЧНАЯ ОТВЕТСТВЕННОСТЬ | |
| Начальный элемент ввода | Заботкина |
| Часть имени, кроме начального элемента ввода | О. С. |
| Расширение инициалов личного имени | Ольга Сергеевна |
| 701 #1 - ИМЯ ЛИЦА - АЛЬТЕРНАТИВНАЯ ОТВЕТСТВЕННОСТЬ | |
| Начальный элемент ввода | Заславская |
| Часть имени, кроме начального элемента ввода | П. И. |
| Расширение инициалов личного имени | Полина Иосифовна |
| 701 #1 - ИМЯ ЛИЦА - АЛЬТЕРНАТИВНАЯ ОТВЕТСТВЕННОСТЬ | |
| Графика поля | Кириллица |
| Материалы, к которым относится поле | rus |
| Начальный элемент ввода | Успенская |
| Часть имени, кроме начального элемента ввода | Е. В. |
| Дополнения к именам, кроме дат | лингвист, франц. язык |
| Даты | 1918-1982 |
| Расширение инициалов личного имени | Елена Васильевна |
| Системный номер авторитетной/нормативной записи | 217517 |
| Идентификатор авторитетной/нормативной записи | RU\NLR\AUTH\770217573 |
| 852 ## - МЕСТОНАХОЖДЕНИЕ И ШИФР ХРАНЕНИЯ | |
| Идентификатор организации | NLR |
| Шифр хранения (Call Number) | 58-4/17525 |
| 942 ## - ДОПОЛНИТЕЛЬНЫЕ ЭЛЕМЕНТЫ ЗАПИСИ (АБИС) | |
| Тип экземпляра АБИС | Книга |
| 980 ## - КОЛЛЕКЦИЯ | |
| Название коллекции | Национальная библиография |
Нет доступных экземпляров.